[Event "Titled Tuesday 2021.04.27"]
[Site "Chess.com INT"]
[Date "2021.04.27"]
[Round "3"]
[White "Golubka, Petro"]
[Black "Tomb, Maroun"]
[Result "0-1"]
[WhiteElo "2452"]
[BlackElo "2084"]
[WhiteFideId "-1"]
[BlackFideId "-1"]
[PlyCount "126"]
[GameId "1644073409478656"]
[EventDate "2021.04.27"]
[EventType "swiss (blitz)"]
[EventRounds "11"]
[EventCountry "NET"]
[SourceTitle "CBM 202 Extra"]
[Source "ChessBase"]
[SourceDate "2021.07.31"]
[SourceVersion "1"]
[SourceVersionDate "2021.07.31"]
[SourceQuality "1"]

1. e4 d6 2. d4 Nf6 3. Nc3 e5 4. Nf3 Nbd7 5. h3 Be7 6. g4 h6 7. Bg2 c6 8. a4 Qc7 9. O-O b6 10. Re1 a6 11. Nh4 Nxe4 12. Nxe4 Bxh4 13. dxe5 dxe5 14. Nd6+ Kf8 15. Ra3 Be7 16. Rd3 Nc5 17. Rd2 Be6 18. Rxe5 Rd8 19. Rxe6 fxe6 20. Qf3+ Bf6 21. Qxc6 Qxc6 22. Bxc6 Ke7 23. Nc4 Rxd2 24. Bxd2 Rc8 25. Bf3 Nxa4 26. Bb4+ Kd7 27. b3 b5 28. Bb7 Rb8 29. Na5 Nb6 30. Bxa6 Nd5 31. Bc5 Nc7 32. Bb7 Bc3 33. Bc6+ Kc8 34. Nb7 Rxb7 35. Bxb7+ Kxb7 36. Kg2 Kc6 37. Bf8 Kd5 38. Kf3 e5 39. h4 e4+ 40. Ke2 Ne6 41. Be7 Nd4+ 42. Kd1 Nf3 43. h5 Bf6 44. Bf8 Ne5 45. Ke2 Nxg4 46. f3 exf3+ 47. Kxf3 Ne5+ 48. Ke3 Nd7 49. Bb4 Bg5+ 50. Kf3 Nf6 51. Bf8 Nxh5 52. Kg4 Nf6+ 53. Kf5 Ne8 54. Kg6 Ke6 55. c4 bxc4 56. bxc4 Be3 57. c5 Bd4 58. c6 Kd5 59. Kf7 Nc7 60. Bxg7 Bxg7 61. Kxg7 h5 62. Kf6 h4 63. Ke7 Kxc6 0-1

[Event "Titled Tuesday 2021.04.27"]
[Site "Chess.com INT"]
[Date "2021.04.27"]
[Round "4"]
[White "Bodnaruk, Anastasia"]
[Black "Golubka, Petro"]
[Result "1-0"]
[WhiteElo "2457"]
[BlackElo "2452"]
[WhiteFideId "-1"]
[BlackFideId "-1"]
[PlyCount "93"]
[GameId "1644073410015232"]
[EventDate "2021.04.27"]
[EventType "swiss (blitz)"]
[EventRounds "11"]
[EventCountry "NET"]
[SourceTitle "CBM 202 Extra"]
[Source "ChessBase"]
[SourceDate "2021.07.31"]
[SourceVersion "1"]
[SourceVersionDate "2021.07.31"]
[SourceQuality "1"]

1. e4 c5 2. Nc3 Nc6 3. Bb5 Nd4 4. Bc4 e6 5. Nge2 a6 6. a4 Ne7 7. O-O Nec6 8. d3 Be7 9. Be3 O-O 10. f4 f5 11. Qd2 Rb8 12. Bxd4 cxd4 13. Nd1 Bb4 14. c3 Bc5 15. Kh1 d5 16. exd5 exd5 17. Bb3 Be6 18. Nf2 Qd6 19. Nh3 h6 20. Nhg1 Bf7 21. Nf3 dxc3 22. bxc3 d4 23. Bxf7+ Rxf7 24. cxd4 Nxd4 25. Nexd4 Bxd4 26. Rab1 Re7 27. Rfe1 Rbe8 28. Nxd4 Qxd4 29. Rxe7 Rxe7 30. a5 Kh7 31. h3 Rd7 32. Rb3 Qd5 33. Qb2 Qc6 34. Rc3 Qd5 35. Rb3 Re7 36. Kh2 Qd6 37. Rb4 Re3 38. Qd4 Qxd4 39. Rxd4 Re7 40. Rb4 Rd7 41. d4 g5 42. Kg3 Kg6 43. Kf3 Kh5 44. g4+ fxg4+ 45. hxg4+ Kh4 46. Rb6 h5 47. Rh6 1-0

[Event "Titled Tuesday 2021.04.27"]
[Site "Chess.com INT"]
[Date "2021.04.27"]
[Round "5"]
[White "Golubka, Petro"]
[Black "Ognean, Mihnea Ionut"]
[Result "0-1"]
[WhiteElo "2452"]
[BlackElo "2298"]
[WhiteFideId "-1"]
[BlackFideId "-1"]
[PlyCount "152"]
[GameId "1644073411178496"]
[EventDate "2021.04.27"]
[EventType "swiss (blitz)"]
[EventRounds "11"]
[EventCountry "NET"]
[SourceTitle "CBM 202 Extra"]
[Source "ChessBase"]
[SourceDate "2021.07.31"]
[SourceVersion "1"]
[SourceVersionDate "2021.07.31"]
[SourceQuality "1"]

1. d4 Nf6 2. c4 e6 3. Nc3 Bb4 4. Qc2 d5 5. Bg5 h6 6. Bh4 dxc4 7. e3 c5 8. dxc5 O-O 9. Bxc4 Bxc5 10. Nf3 a6 11. O-O b5 12. Ne4 Be7 13. Rfd1 Nbd7 14. Bb3 Qb6 15. Nd4 Bb7 16. Nc3 Nc5 17. a3 Nxb3 18. Qxb3 Rac8 19. h3 Rfd8 20. f3 Qc5 21. Rac1 Qh5 22. Bf2 Nd5 23. Ne4 Nb6 24. Ng3 Qd5 25. Rxc8 Rxc8 26. Qd3 Qc4 27. Qd2 g6 28. e4 Kh7 29. Be3 h5 30. Qe1 Qa2 31. b3 Qxa3 32. Nxe6 fxe6 33. Bxb6 Bc5+ 34. Bxc5 Qxc5+ 35. Kh1 Rc7 36. Ne2 a5 37. Nf4 Qe5 38. Qg3 Rg7 39. h4 a4 40. bxa4 bxa4 41. Kh2 a3 42. Rd2 Bc6 43. Ra2 Qc3 44. Nxe6 Rb7 45. Nf8+ Kg8 46. Nxg6 Rg7 47. Qb8+ Kh7 48. Nf4 Bxe4 49. fxe4 Qg3+ 50. Kh1 Qe1+ 51. Kh2 Qxh4+ 52. Nh3 Qxe4 53. Qb3 h4 54. Qf3 Qe5+ 55. Qf4 Qxf4+ 56. Nxf4 Rg3 57. Ne2 Re3 58. Ng1 Kg6 59. Nf3 Kh5 60. Kh3 Rb3 61. Rc2 Rb2 62. Rc5+ Kg6 63. Ra5 a2 64. Nxh4+ Kf6 65. Nf3 Ke6 66. g4 Kd6 67. g5 Rb3 68. Kg3 Rb2 69. g6 Ke7 70. Ra6 Kf8 71. Kf4 Rb6 72. Rxb6 a1=Q 73. Re6 Qc1+ 74. Kf5 Qc2+ 75. Kf6 Qc3+ 76. Ne5 Qc7 0-1

[Event "Titled Tuesday 2021.04.27"]
[Site "Chess.com INT"]
[Date "2021.04.27"]
[Round "7"]
[White "Manukian, Artak"]
[Black "Golubka, Petro"]
[Result "0-1"]
[WhiteElo "2196"]
[BlackElo "2452"]
[WhiteFideId "-1"]
[BlackFideId "-1"]
[PlyCount "60"]
[GameId "1644073412120576"]
[EventDate "2021.04.27"]
[EventType "swiss (blitz)"]
[EventRounds "11"]
[EventCountry "NET"]
[SourceTitle "CBM 202 Extra"]
[Source "ChessBase"]
[SourceDate "2021.07.31"]
[SourceVersion "1"]
[SourceVersionDate "2021.07.31"]
[SourceQuality "1"]

1. e4 Nf6 2. Nc3 d5 3. exd5 Nxd5 4. Bc4 c6 5. Qf3 e6 6. Nge2 Nd7 7. d4 N7b6 8. Bd3 Be7 9. h4 Nb4 10. h5 Bd7 11. h6 g6 12. Bf4 c5 13. Be5 Bc6 14. Ne4 c4 15. Bxh8 cxd3 16. cxd3 Nc2+ 17. Kd2 Nxa1 18. Rxa1 f5 19. N2c3 Bg5+ 20. Kc2 fxe4 21. dxe4 Qd7 22. d5 exd5 23. exd5 Nxd5 24. Nxd5 Bxd5 25. Re1+ Be7 26. Qe3 Kf7 27. Bc3 Re8 28. Qd4 Qf5+ 29. Kc1 Bg5+ 30. Kd1 Qb1# 0-1

[Event "Titled Tuesday 2021.04.27"]
[Site "Chess.com INT"]
[Date "2021.04.27"]
[Round "8"]
[White "Golubka, Petro"]
[Black "Sumaneev, Dmitry"]
[Result "1/2-1/2"]
[WhiteElo "2452"]
[BlackElo "2450"]
[WhiteFideId "-1"]
[BlackFideId "-1"]
[PlyCount "165"]
[GameId "1644073413234688"]
[EventDate "2021.04.27"]
[EventType "swiss (blitz)"]
[EventRounds "11"]
[EventCountry "NET"]
[SourceTitle "CBM 202 Extra"]
[Source "ChessBase"]
[SourceDate "2021.07.31"]
[SourceVersion "1"]
[SourceVersionDate "2021.07.31"]
[SourceQuality "1"]

1. d4 Nf6 2. Nf3 c5 3. c3 b6 4. e3 e6 5. Be2 Be7 6. O-O O-O 7. b3 Bb7 8. Bb2 d6 9. Nbd2 Nbd7 10. a4 a6 11. c4 Qc7 12. h3 Rac8 13. Rc1 Qb8 14. Rc2 Rfd8 15. Qa1 Bc6 16. Rfc1 b5 17. cxb5 axb5 18. dxc5 dxc5 19. a5 Bd5 20. Ng5 h6 21. Ngf3 Qb7 22. Bd3 Ra8 23. e4 Bc6 24. Bc3 Bf8 25. Ne1 Nxe4 26. Nxe4 Bxe4 27. Bxe4 Qxe4 28. Rd1 Qb7 29. Rcd2 Qc7 30. a6 Nb6 31. Be5 Qe7 32. Rxd8 Rxd8 33. Rxd8 Qxd8 34. a7 Qa8 35. Nd3 Nc8 36. Bb8 c4 37. bxc4 bxc4 38. Ne5 Bc5 39. Qa4 Bxa7 40. Qe8+ Kh7 41. Qxf7 Qxb8 42. Qg6+ Kg8 43. Qxe6+ Kh7 44. Qf5+ Kg8 45. Qf7+ Kh7 46. Ng6 Bc5 47. Nf4 Qd6 48. Qf5+ Kg8 49. Qxc8+ Qf8 50. Qe6+ Qf7 51. Qxf7+ Kxf7 52. Ne2 Bd6 53. Kf1 Be5 54. f4 Bf6 55. Kf2 Ke6 56. Ke3 Kd5 57. g4 Be7 58. Nc3+ Kc5 59. Ne4+ Kd5 60. Nc3+ Kc5 61. Ne2 Kd5 62. f5 Bg5+ 63. Kf3 Bf6 64. Ke3 c3 65. Kd3 Ke5 66. Nxc3 Kf4 67. Nd5+ Kg3 68. Ke4 Kxh3 69. Kf3 Kh4 70. Nf4 Be5 71. Ng6+ Kg5 72. Nxe5 h5 73. gxh5 Kxf5 74. Nf7 Kf6 75. Nh8 Kg5 76. Ng6 Kxh5 77. Nf8 g5 78. Ne6 g4+ 79. Kg3 Kg6 80. Nf4+ Kf7 81. Ng2 Ke7 82. Ne3 Kd7 83. Nxg4 1/2-1/2

[Event "Titled Tuesday 2021.04.27"]
[Site "Chess.com INT"]
[Date "2021.04.27"]
[Round "9"]
[White "Ibrayev, Nurlan"]
[Black "Golubka, Petro"]
[Result "1-0"]
[WhiteElo "2388"]
[BlackElo "2452"]
[WhiteFideId "-1"]
[BlackFideId "-1"]
[PlyCount "65"]
[GameId "1644073413296128"]
[EventDate "2021.04.27"]
[EventType "swiss (blitz)"]
[EventRounds "11"]
[EventCountry "NET"]
[SourceTitle "CBM 202 Extra"]
[Source "ChessBase"]
[SourceDate "2021.07.31"]
[SourceVersion "1"]
[SourceVersionDate "2021.07.31"]
[SourceQuality "1"]

1. d4 Nf6 2. c4 e6 3. Nf3 b6 4. g3 Bb7 5. Bg2 Be7 6. O-O O-O 7. d5 exd5 8. Nh4 c6 9. cxd5 cxd5 10. Nf5 Na6 11. Nc3 Nc7 12. Bf4 d6 13. Qa4 Re8 14. Rfd1 Bf8 15. Rac1 h6 16. h4 a6 17. Qb4 b5 18. Bxd6 Qd7 19. Bh3 a5 20. Qb3 a4 21. Qb4 Qd8 22. Bxf8 Rxf8 23. e4 Bc8 24. Ne7+ Kh7 25. Nxc8 Rxc8 26. Bxc8 Qxc8 27. Nxd5 Ncxd5 28. Rxc8 Nxb4 29. Rxf8 Nxe4 30. Rxf7 Nxa2 31. Rb7 b4 32. Ra7 Nc5 33. Rd5 1-0

[Event "Titled Tuesday 2021.04.27"]
[Site "Chess.com INT"]
[Date "2021.04.27"]
[Round "10"]
[White "Golubka, Petro"]
[Black "Meneses Gonzalez, Kevin Moises"]
[Result "1-0"]
[WhiteElo "2452"]
[BlackElo "2241"]
[WhiteFideId "-1"]
[BlackFideId "-1"]
[PlyCount "115"]
[GameId "1644073414090752"]
[EventDate "2021.04.27"]
[EventType "swiss (blitz)"]
[EventRounds "11"]
[EventCountry "NET"]
[SourceTitle "CBM 202 Extra"]
[Source "ChessBase"]
[SourceDate "2021.07.31"]
[SourceVersion "1"]
[SourceVersionDate "2021.07.31"]
[SourceQuality "1"]

1. d4 Nf6 2. c4 c5 3. e3 cxd4 4. exd4 d5 5. Nc3 Nc6 6. Nf3 e6 7. c5 Be7 8. Bb5 O-O 9. O-O Ne4 10. Be3 Bf6 11. Rc1 Ne7 12. Bd3 Nxc3 13. Rxc3 Bd7 14. Qc2 Ng6 15. g3 a5 16. h4 Re8 17. Rd1 Bc6 18. h5 Nf8 19. Bf4 h6 20. Qe2 Nd7 21. Bb1 Nf8 22. b3 Rc8 23. a3 b6 24. Rdc1 bxc5 25. Rxc5 Bd7 26. Bc7 Qe7 27. Bxa5 Rb8 28. b4 Nh7 29. Qd3 Nf8 30. b5 e5 31. dxe5 Bxe5 32. Nxe5 Qxe5 33. Rxd5 Qf6 34. Bc3 Qe6 35. Qd4 f6 36. Bf5 Qxf5 37. Rxf5 Bxf5 38. a4 Ne6 39. Qd5 Bh7 40. Re1 Kf7 41. a5 Rbc8 42. Bb2 Rc5 43. Qb3 Rxh5 44. b6 Bf5 45. b7 Kg6 46. b8=Q Rxb8 47. Qxb8 Ng5 48. Qb7 Bg4 49. Kg2 Bh3+ 50. Kg1 Bg4 51. Re3 Nh3+ 52. Kf1 Rf5 53. f4 Ng5 54. a6 Nh3 55. a7 Nxf4 56. gxf4 Rxf4+ 57. Ke1 Bf5 58. a8=Q 1-0

[Event "Titled Tuesday 2021.04.27"]
[Site "Chess.com INT"]
[Date "2021.04.27"]
[Round "11"]
[White "Golubka, Petro"]
[Black "Kislov, Oleg"]
[Result "1-0"]
[WhiteElo "2452"]
[BlackElo "2249"]
[WhiteFideId "-1"]
[BlackFideId "-1"]
[PlyCount "65"]
[GameId "1644073414508544"]
[EventDate "2021.04.27"]
[EventType "swiss (blitz)"]
[EventRounds "11"]
[EventCountry "NET"]
[SourceTitle "CBM 202 Extra"]
[Source "ChessBase"]
[SourceDate "2021.07.31"]
[SourceVersion "1"]
[SourceVersionDate "2021.07.31"]
[SourceQuality "1"]

1. d3 d5 2. Nd2 e5 3. Ngf3 Nc6 4. e4 Nf6 5. g3 Bc5 6. h3 dxe4 7. dxe4 O-O 8. Bg2 Qe7 9. O-O Be6 10. c3 a5 11. Qe2 Nd7 12. Nb3 Bb6 13. Ng5 Bxb3 14. axb3 Nc5 15. Qb5 f6 16. Nf3 Nxe4 17. Qd5+ Qf7 18. Qxe4 Qxb3 19. Nd2 Qf7 20. Qc4 Qxc4 21. Nxc4 Bc5 22. Be3 Bxe3 23. Nxe3 Nd8 24. Rfd1 Ra7 25. Rd7 b6 26. Nd5 Ne6 27. Nxb6 Nc5 28. Bd5+ Kh8 29. Re7 a4 30. b4 axb3 31. Rxa7 b2 32. Ba2 cxb6 33. Rxg7 1-0

[Event "Titled Tuesday 2021.04.20"]
[Site "Chess.com INT"]
[Date "2021.04.20"]
[Round "4"]
[White "Golubka, Petro"]
[Black "Tymrakiewicz, Rafal"]
[Result "1-0"]
[WhiteElo "2452"]
[BlackElo "2236"]
[WhiteFideId "-1"]
[BlackFideId "-1"]
[PlyCount "67"]
[GameId "1641504447455232"]
[EventDate "2021.04.20"]
[EventType "swiss (blitz)"]
[EventRounds "11"]
[EventCountry "NET"]
[SourceTitle "CBM 202 Extra"]
[Source "ChessBase"]
[SourceDate "2021.07.31"]
[SourceVersion "1"]
[SourceVersionDate "2021.07.31"]
[SourceQuality "1"]

1. e4 Nf6 2. e5 Nd5 3. d4 d6 4. Bd3 Nc6 5. Be4 dxe5 6. dxe5 Be6 7. Nf3 g6 8. Ng5 Bg7 9. Nxe6 fxe6 10. f4 O-O 11. O-O Ndb4 12. c3 Qxd1 13. Rxd1 Nd5 14. g3 Rad8 15. Rf1 g5 16. fxg5 Rxf1+ 17. Kxf1 Nxe5 18. Nd2 Rf8+ 19. Ke2 Ng4 20. Nf3 b5 21. Bd2 a5 22. h4 c5 23. Rc1 c4 24. Rc2 Ne5 25. Be1 Nd3 26. Bd2 Nb6 27. Be3 Na4 28. g6 hxg6 29. Ng5 Nac5 30. Bxg6 Na4 31. Bh7+ Kh8 32. Bxd3 cxd3+ 33. Kxd3 Rd8+ 34. Ke2 1-0

[Event "Titled Tuesday 2021.04.20"]
[Site "Chess.com INT"]
[Date "2021.04.20"]
[Round "5"]
[White "Garcia Garcia, Alejandro"]
[Black "Golubka, Petro"]
[Result "0-1"]
[WhiteElo "2247"]
[BlackElo "2452"]
[WhiteFideId "-1"]
[BlackFideId "-1"]
[PlyCount "95"]
[GameId "1641504448339968"]
[EventDate "2021.04.20"]
[EventType "swiss (blitz)"]
[EventRounds "11"]
[EventCountry "NET"]
[SourceTitle "CBM 202 Extra"]
[Source "ChessBase"]
[SourceDate "2021.07.31"]
[SourceVersion "1"]
[SourceVersionDate "2021.07.31"]
[SourceQuality "1"]

1. d4 d5 2. c4 e6 3. Nc3 c5 4. Nf3 Nc6 5. g3 Nf6 6. Bg2 Be7 7. O-O O-O 8. cxd5 exd5 9. dxc5 Bxc5 10. a3 h6 11. b4 Bb6 12. Na4 Re8 13. Bb2 Ne4 14. Nxb6 axb6 15. e3 Bg4 16. h3 Bh5 17. Qd3 Bg6 18. Qb3 Qd6 19. Rfd1 Rad8 20. Nd2 Ng5 21. Nc4 dxc4 22. Qc3 Qf8 23. Qxc4 Rxd1+ 24. Rxd1 Be4 25. Bxe4 Rxe4 26. Qd5 Re8 27. h4 Rd8 28. Qb3 Ne6 29. Rxd8 Qxd8 30. Qc3 Qd5 31. a4 b5 32. a5 Qc4 33. Qd2 Qxb4 34. Bc3 Qc4 35. f4 b4 36. Bb2 Nc5 37. Qd6 b3 38. f5 Ne4 39. Qd7 Nf6 40. Bxf6 gxf6 41. Qxb7 Nxa5 42. Qa8+ Kg7 43. Qxa5 Qc1+ 44. Kh2 b2 45. Qb4 b1=Q 46. Qg4+ Kh8 47. Qh5 Qd2+ 48. Kh3 0-1

[Event "Titled Tuesday 2021.04.20"]
[Site "Chess.com INT"]
[Date "2021.04.20"]
[Round "6"]
[White "Golubka, Petro"]
[Black "Lewtak, Damian"]
[Result "1-0"]
[WhiteElo "2452"]
[BlackElo "2380"]
[WhiteFideId "-1"]
[BlackFideId "-1"]
[PlyCount "65"]
[GameId "1641504449163264"]
[EventDate "2021.04.20"]
[EventType "swiss (blitz)"]
[EventRounds "11"]
[EventCountry "NET"]
[SourceTitle "CBM 202 Extra"]
[Source "ChessBase"]
[SourceDate "2021.07.31"]
[SourceVersion "1"]
[SourceVersionDate "2021.07.31"]
[SourceQuality "1"]

1. e4 c5 2. c3 d5 3. exd5 Qxd5 4. d4 Nf6 5. Nf3 Nc6 6. Be3 Bg4 7. c4 Qh5 8. d5 Ne5 9. Nbd2 Nxf3+ 10. gxf3 Bd7 11. Qb3 b6 12. a4 Qe5 13. a5 Rb8 14. axb6 axb6 15. f4 Qd6 16. Bg2 g6 17. O-O Bg7 18. Rfe1 O-O 19. Ra6 Bc8 20. Ra7 Re8 21. Nf3 Ng4 22. Bd2 Bd7 23. Ne5 Nxe5 24. fxe5 Bxe5 25. Rxe5 Qxe5 26. Rxd7 Ra8 27. Bf3 Ra1+ 28. Kg2 h5 29. d6 exd6 30. Bd5 Rf8 31. Qd3 Kh7 32. Bxf7 Kh8 33. Bc3 1-0

[Event "Titled Tuesday 2021.04.20"]
[Site "Chess.com INT"]
[Date "2021.04.20"]
[Round "7"]
[White "Golubka, Petro"]
[Black "Bulmaga, Irina"]
[Result "1-0"]
[WhiteElo "2452"]
[BlackElo "2440"]
[WhiteFideId "-1"]
[BlackFideId "-1"]
[PlyCount "63"]
[GameId "1641504449683456"]
[EventDate "2021.04.20"]
[EventType "swiss (blitz)"]
[EventRounds "11"]
[EventCountry "NET"]
[SourceTitle "CBM 202 Extra"]
[Source "ChessBase"]
[SourceDate "2021.07.31"]
[SourceVersion "1"]
[SourceVersionDate "2021.07.31"]
[SourceQuality "1"]

1. e4 c5 2. c3 Nf6 3. f3 Nc6 4. d4 cxd4 5. cxd4 d6 6. Nc3 g6 7. Be3 Bg7 8. Qd2 O-O 9. O-O-O e5 10. d5 Nd4 11. Nge2 Nxe2+ 12. Bxe2 Bd7 13. Kb1 b5 14. Nxb5 Bxb5 15. Bxb5 Nd7 16. g4 Rb8 17. Bc6 Nc5 18. h4 f5 19. gxf5 gxf5 20. Bxc5 dxc5 21. d6 Kh8 22. exf5 Rxf5 23. Be4 Rf6 24. d7 Rfb6 25. Rh2 a5 26. Qxa5 Bf6 27. Qxc5 Qg8 28. Rhd2 Ra6 29. a3 Rab6 30. Qxb6 Rxb6 31. d8=Q Bxd8 32. Rxd8 1-0

[Event "Titled Tuesday 2021.04.20"]
[Site "Chess.com INT"]
[Date "2021.04.20"]
[Round "8"]
[White "Abrashkin, Boris Vladimirovich"]
[Black "Golubka, Petro"]
[Result "0-1"]
[WhiteElo "2407"]
[BlackElo "2452"]
[WhiteFideId "-1"]
[BlackFideId "-1"]
[PlyCount "174"]
[GameId "1641504451100672"]
[EventDate "2021.04.20"]
[EventType "swiss (blitz)"]
[EventRounds "11"]
[EventCountry "NET"]
[SourceTitle "CBM 202 Extra"]
[Source "ChessBase"]
[SourceDate "2021.07.31"]
[SourceVersion "1"]
[SourceVersionDate "2021.07.31"]
[SourceQuality "1"]

1. d4 d5 2. c4 e6 3. Nc3 c5 4. cxd5 exd5 5. Nf3 Nc6 6. Bf4 c4 7. e3 Bb4 8. Be2 Nge7 9. O-O O-O 10. Rc1 Be6 11. b3 Bxc3 12. Rxc3 b5 13. bxc4 bxc4 14. Ng5 Bf5 15. Qd2 Bg6 16. Nf3 f6 17. Ne1 Qb6 18. f3 Rfd8 19. Bg3 a5 20. Bf2 Na7 21. e4 Nb5 22. Rc1 Kh8 23. e5 a4 24. exf6 gxf6 25. Nc2 Nc6 26. Kh1 Rab8 27. Ne3 c3 28. Qd1 Ncxd4 29. Ng4 h5 30. Bxb5 hxg4 31. Bxd4 Qxb5 32. Bxf6+ Kh7 33. Bxc3 d4 34. Bd2 g3 35. hxg3 Rd5 36. Rc7+ Kg8 37. Bf4 d3 38. g4 d2 39. Bxd2 Qb6 40. Rc1 Rbd8 41. Qxa4 Be8 42. Qb3 Qxb3 43. axb3 Rxd2 44. Rb1 Bb5 45. Rg1 Kg7 46. Kh2 Bd3 47. Rbd1 Rb2 48. Kg3 Rxb3 49. Rd2 Rc8 50. Re1 Rc7 51. Re3 Rd7 52. Kf2 Kf6 53. f4 Rd4 54. g3 Rd5 55. g5+ Kf5 56. Re5+ Rxe5 57. fxe5 Kxe5 58. Rd1 Bg6 59. Re1+ Kf5 60. Rc1 Rb2+ 61. Kf3 Bh5+ 62. Ke3 Re2+ 63. Kd3 Rg2 64. Rc8 Rxg3+ 65. Kd4 Kxg5 66. Rf8 Bg6 67. Kc4 Bf5 68. Kd4 Kf4 69. Kc4 Re3 70. Kd4 Rd3+ 71. Kc4 Rd7 72. Kc3 Ke4 73. Re8+ Kf4 74. Rf8 Rd6 75. Re8 Be4 76. Kc4 Ke3 77. Kc5 Rc6+ 78. Kb5 Rc3 79. Rd8 Rc1 80. Re8 Kd4 81. Kb4 Rb1+ 82. Ka5 Bd5 83. Ka6 Kc5 84. Rc8+ Bc6 85. Ka7 Ra1+ 86. Kb8 Kb6 87. Rc7 Ra8# 0-1

[Event "Titled Tuesday 2021.04.20"]
[Site "Chess.com INT"]
[Date "2021.04.20"]
[Round "9"]
[White "Golubka, Petro"]
[Black "Bluebaum, Matthias"]
[Result "1-0"]
[WhiteElo "2452"]
[BlackElo "2670"]
[WhiteFideId "-1"]
[BlackFideId "-1"]
[PlyCount "79"]
[GameId "1641504451379200"]
[EventDate "2021.04.20"]
[EventType "swiss (blitz)"]
[EventRounds "11"]
[EventCountry "NET"]
[SourceTitle "CBM 202 Extra"]
[Source "ChessBase"]
[SourceDate "2021.07.31"]
[SourceVersion "1"]
[SourceVersionDate "2021.07.31"]
[SourceQuality "1"]

1. e4 c6 2. a3 d5 3. d3 e5 4. Nf3 Bd6 5. Be2 Ne7 6. O-O O-O 7. Nbd2 f5 8. c4 fxe4 9. dxe4 d4 10. c5 Bc7 11. Nc4 Ng6 12. Bg5 Qd7 13. h4 h6 14. h5 hxg5 15. hxg6 Qe7 16. Ncxe5 Bxe5 17. Bc4+ Be6 18. Nxe5 Rf4 19. g3 Bxc4 20. gxf4 gxf4 21. Qh5 Qe6 22. Nf7 Kf8 23. Rfd1 Nd7 24. Rxd4 Nf6 25. Qf5 Qxf5 26. exf5 Bxf7 27. gxf7 Kxf7 28. Rxf4 Rd8 29. Rb4 Rd7 30. Re1 Nd5 31. Rbe4 Kf6 32. Kg2 Kxf5 33. Kf3 g5 34. Re5+ Kf6 35. Kg4 Rh7 36. Rf5+ Kg7 37. Rxd5 cxd5 38. Re7+ Kg6 39. Rxh7 Kxh7 40. Kxg5 1-0

[Event "Titled Tuesday 2021.04.20"]
[Site "Chess.com INT"]
[Date "2021.04.20"]
[Round "10"]
[White "Golubka, Petro"]
[Black "Pichot, Alan"]
[Result "1/2-1/2"]
[WhiteElo "2452"]
[BlackElo "2630"]
[WhiteFideId "-1"]
[BlackFideId "-1"]
[PlyCount "67"]
[GameId "1641504451899392"]
[EventDate "2021.04.20"]
[EventType "swiss (blitz)"]
[EventRounds "11"]
[EventCountry "NET"]
[SourceTitle "CBM 202 Extra"]
[Source "ChessBase"]
[SourceDate "2021.07.31"]
[SourceVersion "1"]
[SourceVersionDate "2021.07.31"]
[SourceQuality "1"]

1. e4 c5 2. a3 g6 3. b4 Bg7 4. c3 d6 5. Bb5+ Bd7 6. Qe2 Nf6 7. Nf3 O-O 8. O-O Nc6 9. bxc5 dxc5 10. e5 Nd5 11. h3 a6 12. Bc4 Be6 13. d4 b5 14. Bd3 Qb6 15. Be3 h6 16. dxc5 Qc7 17. Re1 Nxe5 18. Nxe5 Qxe5 19. Bd4 Qxe2 20. Rxe2 Rfc8 21. Be4 Ra7 22. Bxd5 Bxd5 23. Nd2 e5 24. Be3 Bf8 25. a4 bxa4 26. Rxa4 Bc6 27. Ra5 Bb5 28. Re1 f5 29. f3 Bxc5 30. Bxc5 Rxc5 31. c4 Rd7 32. Re2 Bxc4 33. Nxc4 Rxc4 34. Rxa6 1/2-1/2

[Event "Titled Tuesday 2021.04.20"]
[Site "Chess.com INT"]
[Date "2021.04.20"]
[Round "11"]
[White "Martinez Alcantara, Jose Eduardo"]
[Black "Golubka, Petro"]
[Result "1-0"]
[WhiteElo "2620"]
[BlackElo "2452"]
[WhiteFideId "-1"]
[BlackFideId "-1"]
[PlyCount "95"]
[GameId "1641504452743168"]
[EventDate "2021.04.20"]
[EventType "swiss (blitz)"]
[EventRounds "11"]
[EventCountry "NET"]
[SourceTitle "CBM 202 Extra"]
[Source "ChessBase"]
[SourceDate "2021.07.31"]
[SourceVersion "1"]
[SourceVersionDate "2021.07.31"]
[SourceQuality "1"]

1. e4 c5 2. Nf3 e6 3. g3 a6 4. Bg2 b5 5. O-O Bb7 6. d3 Be7 7. Re1 Nc6 8. Nbd2 h5 9. h4 Nh6 10. Nh2 g6 11. c3 Kf8 12. Ndf1 Kg7 13. d4 cxd4 14. cxd4 d6 15. Be3 Rc8 16. Qd2 e5 17. d5 Nd4 18. Bxd4 exd4 19. Bh3 Rc4 20. b3 Rc7 21. Rac1 Bf6 22. f4 Re8 23. Qd3 Rc3 24. Rxc3 dxc3 25. Nf3 Qb6+ 26. Kg2 b4 27. Ne3 Qc5 28. Nc4 a5 29. Re2 a4 30. Bd7 axb3 31. axb3 Rd8 32. Bh3 Ba6 33. e5 dxe5 34. fxe5 Be7 35. d6 Bf8 36. Ng5 Bxc4 37. bxc4 Bxd6 38. exd6 Rxd6 39. Qf3 Qxc4 40. Ne4 Rb6 41. Rc2 Ra6 42. Qf4 Ng4 43. Bxg4 hxg4 44. h5 Re6 45. h6+ Kf8 46. h7 Kg7 47. Qh6+ Kh8 48. Qf8+ 1-0

[Event "Titled Tuesday 2021.04.06"]
[Site "Chess.com INT"]
[Date "2021.04.06"]
[Round "10"]
[White "Golubka, Petro"]
[Black "Alarcon Morales, Elvira"]
[Result "1-0"]
[WhiteElo "2452"]
[BlackElo "1943"]
[WhiteFideId "-1"]
[BlackFideId "-1"]
[PlyCount "75"]
[GameId "1636451104772096"]
[EventDate "2021.04.06"]
[EventType "swiss (blitz)"]
[EventRounds "11"]
[EventCountry "NET"]
[SourceTitle "CBM 201 Extra"]
[Source "ChessBase"]
[SourceDate "2021.05.31"]
[SourceVersion "1"]
[SourceVersionDate "2021.05.31"]
[SourceQuality "1"]

1. d4 Nf6 2. Nf3 g6 3. c4 Bg7 4. Nc3 d5 5. Bf4 O-O 6. e3 c6 7. h3 e6 8. Rc1 b6 9. cxd5 exd5 10. Bd3 Bb7 11. O-O c5 12. Re1 Nbd7 13. b3 Re8 14. Nb5 Re7 15. Bd6 Re6 16. Bc7 Qc8 17. Bg3 Bf8 18. a4 Ne4 19. Bf4 Rc6 20. Nd2 Nxd2 21. Qxd2 a6 22. Nc3 c4 23. bxc4 dxc4 24. d5 Rc5 25. Bb1 b5 26. e4 b4 27. Ne2 a5 28. Nd4 c3 29. Qe3 Bg7 30. Nb5 Ba6 31. Nd6 Qf8 32. e5 Rac8 33. e6 fxe6 34. Qxe6+ Kh8 35. Nf7+ Kg8 36. Ne5+ Kh8 37. Nxd7 Qe8 38. Nxc5 1-0

[Event "Titled Tuesday 2021.03.30"]
[Site "Chess.com INT"]
[Date "2021.03.30"]
[Round "4"]
[White "Golubka, Petro"]
[Black "Grigoryan, Meri"]
[Result "1-0"]
[WhiteElo "2452"]
[BlackElo "2044"]
[WhiteFideId "-1"]
[BlackFideId "-1"]
[PlyCount "49"]
[GameId "1633928137584640"]
[EventDate "2021.03.30"]
[EventType "swiss (blitz)"]
[EventRounds "11"]
[EventCountry "NET"]
[SourceTitle "CBM 201 Extra"]
[Source "ChessBase"]
[SourceDate "2021.05.31"]
[SourceVersion "1"]
[SourceVersionDate "2021.05.31"]
[SourceQuality "1"]

1. e4 e5 2. Nf3 Nc6 3. Bb5 f5 4. Nc3 Nf6 5. exf5 Bc5 6. O-O O-O 7. Nxe5 Nxe5 8. d4 Bd6 9. dxe5 Bxe5 10. Ne2 d5 11. Bd3 Ng4 12. h3 Nh2 13. Re1 Bxf5 14. Bxf5 Rxf5 15. f4 Nf3+ 16. gxf3 Qh4 17. Kg2 Rh5 18. Rh1 Bd6 19. Ng3 Rh6 20. Qxd5+ Kh8 21. Qg5 Re8 22. Qxh4 Rxh4 23. Nf5 Rh5 24. Nxd6 cxd6 25. Kf2 1-0